| 000 | 01614cam a2200373 a 4500 | ||
|---|---|---|---|
| 001 | 3574266 | ||
| 003 | Nust- CAS-E | ||
| 005 | 20180118181407.0 | ||
| 008 | 990621s2000 cau b 001 0 eng | ||
| 010 | _a 99006656 | ||
| 020 | _a0787909491 | ||
| 040 |
_aDLC _cDLC _dDLC |
||
| 050 | 0 | 0 |
_aHD57.7 _b.M69 2000 |
| 082 | 0 | 0 |
_a658.4 _221 _bMOX-L 2000 |
| 100 | 1 |
_aMoxley, Russ S., _d1944- |
|
| 245 | 1 | 0 |
_aLeadership and spirit : _bbreathing new vitality and energy into individuals and organizations / _cRuss S. Moxley. |
| 246 | 1 | 8 | _aLeadership & spirit |
| 250 | _a1st ed. | ||
| 260 |
_aSan Francisco : _bJossey-Bass Publishers ; _a[Greensboro, N.C.] : _bCenter for Creative Leadership, _cc2000. |
||
| 300 |
_axxii, 228 p. ; _c24 cm. |
||
| 440 | 4 | _aThe Jossey-Bass business & management series | |
| 502 | _a0 | ||
| 504 | _aIncludes bibliographical references (p. 213-215) and index. | ||
| 650 | 0 | _aLeadership. | |
| 650 | 0 | _aIndustrial management. | |
| 650 | 0 | _aCreative ability in business. | |
| 650 | 0 | _aOrganizational effectiveness. | |
| 856 | 4 | 2 |
_3Contributor biographical information _uhttp://www.loc.gov/catdir/bios/wiley042/99006656.html |
| 856 | 4 | 2 |
_3Publisher description _uhttp://www.loc.gov/catdir/description/wiley034/99006656.html |
| 856 | 4 |
_3Table of Contents _uhttp://www.loc.gov/catdir/toc/onix06/99006656.html |
|
| 906 |
_a7 _bcbc _corignew _d1 _eocip _f19 _gy-gencatlg |
||
| 942 |
_2ddc _cBK |
||
| 999 |
_c355619 _d355619 |
||